Pharmacology / (Record no. 19152)
[ view plain ]
| 000 -LEADER | |
|---|---|
| fixed length control field | 01095nam a22002895a 4500 |
| 005 - DATE AND TIME OF LATEST TRANSACTION | |
| control field | 20151027155552.0 |
| 008 - FIXED-LENGTH DATA ELEMENTS--GENERAL INFORMATION | |
| fixed length control field | 150402t2015 paua fr 001 0 eng d |
| 020 ## - INTERNATIONAL STANDARD BOOK NUMBER | |
| International Standard Book Number | 9781469887562 |
| 020 ## - INTERNATIONAL STANDARD BOOK NUMBER | |
| International Standard Book Number | 1469887568 |
| 040 ## - CATALOGING SOURCE | |
| Original cataloging agency | EG-ScBUE |
| Language of cataloging | eng |
| Modifying agency | EG-ScBUE |
| 082 04 - DEWEY DECIMAL CLASSIFICATION NUMBER | |
| Classification number | 615.1076 |
| Item number | PHA |
| Edition number | 22 |
| 245 00 - TITLE STATEMENT | |
| Title | Pharmacology / |
| Statement of responsibility, etc | [edited by] Karen Whalen, Richard Finkel, Thomas A. Panavelil. |
| 250 ## - EDITION STATEMENT | |
| Edition statement | 6th ed., International ed. |
| 260 ## - PUBLICATION, DISTRIBUTION, ETC. (IMPRINT) | |
| Place of publication, distribution, etc | Philadelphia : |
| Name of publisher, distributor, etc | Wolters Kluwer, |
| Date of publication, distribution, etc | c.2015. |
| 300 ## - PHYSICAL DESCRIPTION | |
| Extent | xi, 664 p. : |
| Other physical details | ill. (col.) ; |
| Dimensions | 28 cm. |
| 490 0# - Series Statement | |
| Series statement | Lippincott's illustrated reviews |
| 500 ## - GENERAL NOTE | |
| General note | Index : p. 641-662. |
| 650 #7 - SUBJECT ADDED ENTRY--TOPICAL TERM | |
| Topical term or geographic name as entry element | Pharmacology |
| Form subdivision | Examinations, questions, etc. |
| Source of heading or term | BUEsh |
| 9 (RLIN) | 36103 |
| 650 #7 - SUBJECT ADDED ENTRY--TOPICAL TERM | |
| Topical term or geographic name as entry element | Pharmacology |
| Form subdivision | Outlines, syllabi, etc. |
| Source of heading or term | BUEsh |
| 9 (RLIN) | 36102 |
| 650 #7 - SUBJECT ADDED ENTRY--TOPICAL TERM | |
| Topical term or geographic name as entry element | Pharmacology |
| Form subdivision | Examination Questions |
| Source of heading or term | BUEsh |
| 9 (RLIN) | 37573 |
| 651 ## - SUBJECT ADDED ENTRY--GEOGRAPHIC NAME | |
| Source of heading or term | BUEsh |
| 653 ## - INDEX TERM--UNCONTROLLED | |
| Resource For college | Pharmacy |
| Arrived date list | March2015 |
| -- | June2015 |
| -- | July2015 |
| -- | October2015 |
| -- | September2015 |
| 700 1# - ADDED ENTRY--PERSONAL NAME | |
| Personal name | Whalen, Karen, |
| Relator term | editor. |
| 9 (RLIN) | 37572 |
| 700 1# - ADDED ENTRY--PERSONAL NAME | |
| Personal name | Finkel, Richard, |
| Relator term | editor. |
| 9 (RLIN) | 37575 |
| 700 1# - ADDED ENTRY--PERSONAL NAME | |
| Personal name | Panavelil, Thomas A., |
| Relator term | editor. |
| 9 (RLIN) | 37576 |
| 942 ## - ADDED ENTRY ELEMENTS (KOHA) | |
| Source of classification or shelving scheme | Dewey Decimal Classification |
| Call number prefix | 615.1076 PHA |
| Withdrawn status | Item status | Source of classification or shelving scheme | Damaged status | Not for loan | Vendor | Home library | Current library | Shelving location | Date acquired | Source of acquisition | Total Checkouts | Full call number | Barcode | Date last seen | Koha item type | Total Renewals | Date last borrowed | Checked out | Cost, normal purchase price | Serial Enumeration / chronology | Cost, replacement price |
|---|---|---|---|---|---|---|---|---|---|---|---|---|---|---|---|---|---|---|---|---|---|
| Dewey Decimal Classification | Baccah | Central Library | Central Library | First floor | 02/04/2015 | 615.1076 PHA | 000037842 | 15/07/2025 | NB - Book (Non borrowing) | ||||||||||||
| Dewey Decimal Classification | Baccah | Central Library | Central Library | First floor | 02/04/2015 | 4 | 615.1076 PHA | 000037841 | 15/07/2025 | Book - Borrowing | 63 | 24/10/2021 | |||||||||
| Dewey Decimal Classification | Baccah | Central Library | Central Library | First floor | 02/04/2015 | 2 | 615.1076 PHA | 000037874 | 28/07/2016 | Book - Borrowing | 34 | 28/07/2016 | 31/12/2017 | ||||||||
| Dewey Decimal Classification | Baccah | Central Library | Central Library | First floor | 02/04/2015 | 5 | 615.1076 PHA | 000037875 | 15/07/2025 | Book - Borrowing | 61 | 27/02/2025 | |||||||||
| Dewey Decimal Classification | Baccah | Central Library | Central Library | First floor | 02/04/2015 | 8 | 615.1076 PHA | 000037876 | 15/07/2025 | Book - Borrowing | 58 | 28/08/2021 | |||||||||
| Dewey Decimal Classification | Baccah | Central Library | Central Library | First floor | 02/04/2015 | 4 | 615.1076 PHA | 000037877 | 15/07/2025 | Book - Borrowing | 18 | 13/03/2019 | |||||||||
| Dewey Decimal Classification | Baccah | Central Library | Central Library | First floor | 02/04/2015 | 7 | 615.1076 PHA | 000037878 | 15/07/2025 | Book - Borrowing | 75 | 05/10/2024 | |||||||||
| Dewey Decimal Classification | Baccah | Central Library | Central Library | First floor | 02/04/2015 | 4 | 615.1076 PHA | 000037879 | 15/07/2025 | Book - Borrowing | 10 | 23/11/2017 | |||||||||
| Dewey Decimal Classification | Baccah | Central Library | Central Library | First floor | 02/04/2015 | 2 | 615.1076 PHA | 000037880 | 30/11/2025 | Book - Borrowing | 9 | 13/10/2025 | |||||||||
| Dewey Decimal Classification | Baccah | Central Library | Central Library | First floor | 02/04/2015 | 3 | 615.1076 PHA | 000037881 | 15/07/2025 | Book - Borrowing | 136 | 25/02/2024 | |||||||||
| Dewey Decimal Classification | Central Library | Central Library | First floor | 28/06/2015 | 5 | 615.1076 PHA | 000039128 | 15/07/2025 | Book - Borrowing | 86 | 31/10/2020 | 195.00 | 307 | 243.75 | |||||||
| Dewey Decimal Classification | Central Library | Central Library | First floor | 29/06/2015 | 615.1076 PHA | 000039227 | 15/07/2025 | Book - Borrowing | 350.00 | 1091 | 438.00 | ||||||||||
| Dewey Decimal Classification | Baccah | Central Library | Central Library | First floor | 06/07/2015 | 4 | 615.1076 PHA | 000038971 | 15/07/2025 | Book - Borrowing | 55 | 09/12/2020 | 170.00 | 23125 | 213.00 |